000 00728nam a2200205Ia 4500
005 20241129111307.0
008 241129s9999||||xx |||||||||||||| ||und||
037 _aTB
040 _aCRL
_bpun
_cCRL
041 _apun
_2pun
084 _aO153,3NSA,WV R3
_qCRL
100 _aਸੰਧੂ, ਅਮਨਦੀਪ, ਚ।
245 0 _aਵੱਡੇ ਵੇਲੇ ਦਿਆ ਤਾਰਿਆ
_cਸੰਧੂ, ਅਮਨਦੀਪ, ਚ।
260 _aਅੰਮ੍ਰਿਤਸਰ, ਭਾਰਤ
_bਅੰਮ੍ਰਿਤਸਰ ਸੱਚਲ ਪ੍ਰਕਾਸ਼ਨ
_c2023
300 _a292ਪ੍ਰ0
365 _aINR
_b575
650 _aPunjabi LiteratureFiction
942 _cTB
_hO153,3NSA,WV R3
999 _c1229784
_d1229784